[Event "Barcelona Sant Marti op 11th"]
[Site "Barcelona"]
[Date "2024.03.07"]
[Round "9"]
[White "Bota Carbo, Jordi"]
[Black "Costa Trave, Jaume"]
[Result "1-0"]
[WhiteElo "1755"]
[BlackElo "1600"]
[PlyCount "69"]
[EventDate "2024.01.11"]
[EventType "swiss"]
[EventRounds "9"]
[EventCountry "ESP"]
[SourceTitle "CB11_2024"]
[SourceDate "2024.03.13"]
[SourceVersion "1"]
[SourceVersionDate "2024.03.13"]
[SourceQuality "1"]

1. e4 d6 2. d4 c6 3. Nc3 g6 4. Be3 Bg7 5. Qd2 h6 6. 0-0-0 Nd7 7. Kb1 Nf8 8. f3 Bd7 9. Bc4 b5 10. Bd3 a5 11. Nce2 Nf6 12. g4 Qc8 13. h4 h5 14. g5 Ng8 15. f4 c5 16. dxc5 dxc5 17. e5 Bc6 18. Ng3 c4 19. Be4 Ne6 20. N1e2 b4 21. Bxc6+ Qxc6 22. Qd5 Qxd5 23. Rxd5 f6 24. Nd4 Rd8 25. Nxe6 Rxd5 26. Nc7+ Kd7 27. Nxd5 fxe5 28. Nb6+ Ke6 29. Nxc4 exf4 30. Bxf4 Kd5 31. Nxa5 e5 32. Rd1+ Ke6 33. Bd2 Ne7 34. Bxb4 Rb8 35. Bxe7 1-0

[Event "Sant Adria de Besos op-B 5th"]
[Site "Sant Adria de Besos"]
[Date "2023.08.13"]
[Round "3"]
[White "Aleksanyan Israelyan, Nicolas"]
[Black "Costa Trave, Jaume"]
[Result "1-0"]
[WhiteElo "1876"]
[BlackElo "1649"]
[PlyCount "153"]
[EventDate "2023.08.11"]
[EventType "swiss"]
[EventRounds "9"]
[EventCountry "ESP"]
[SourceTitle "EXT 2024"]
[Source "ChessBase"]
[SourceDate "2023.10.10"]
[SourceVersion "1"]
[SourceVersionDate "2023.10.10"]
[SourceQuality "1"]

1. e4 e6 2. d4 d5 3. Nd2 c5 4. exd5 Qxd5 5. Ngf3 cxd4 6. Bc4 Qd6 7. 0-0 a6 8. Nb3 b5 9. Bd3 Bb7 10. Nbxd4 Nf6 11. Re1 Be7 12. Bg5 Nbd7 13. Qe2 Nc5 14. Rad1 Nxd3 15. Rxd3 Nd5 16. Nf5 Qc7 17. Nxg7+ Kd7 18. Bxe7 Kxe7 19. Nxe6 fxe6 20. Qxe6+ Kf8 21. Ne5 Qe7 22. Nd7+ Ke8 23. Nf6+ Kf8 24. Nxd5 Qxe6 25. Rxe6 Rd8 26. Nf4 Kf7 27. Ree3 Kf6 28. Rxd8 Rxd8 29. Nd3 h5 30. f3 h4 31. Kf2 Rd4 32. c3 Rc4 33. Ne5 Rc7 34. Ng4+ Kf7 35. Re5 b4 36. cxb4 Rc2+ 37. Re2 Rc1 38. Ne5+ Kf6 39. Nd7+ Kf7 40. Nc5 Bd5 41. a3 Bc4 42. Rd2 Kf6 43. Ne4+ Ke5 44. Nc3 Rf1+ 45. Ke3 Re1+ 46. Ne2 Rb1 47. f4+ Kf5 48. h3 Rf1 49. Rc2 Bxe2 50. Rxe2 Rb1 51. Kf3 Rf1+ 52. Rf2 Rc1 53. g4+ hxg3 54. Kxg3 Rc4 55. Kf3 Re4 56. h4 Rc4 57. h5 Rd4 58. Ke3 Re4+ 59. Kd3 Re6 60. Rh2 Kxf4 61. h6 Re8 62. h7 Rh8 63. Kc4 Ke4 64. a4 Rc8+ 65. Kb3 Rh8 66. Rh5 Kf4 67. a5 Kg4 68. Rh1 Kf4 69. b5 axb5 70. Kb4 Ke5 71. Kxb5 Kd6 72. b4 Kc7 73. a6 Kb8 74. Kb6 Ka8 75. Rg1 Rb8+ 76. Ka5 Ka7 77. Rg7+ 1-0

[Event "Sant Adria de Besos op-B 5th"]
[Site "Sant Adria de Besos"]
[Date "2023.08.13"]
[Round "4"]
[White "Costa Trave, Jaume"]
[Black "Busquets Xapelli, David"]
[Result "1-0"]
[WhiteElo "1649"]
[BlackElo "1321"]
[PlyCount "67"]
[EventDate "2023.08.11"]
[EventType "swiss"]
[EventRounds "9"]
[EventCountry "ESP"]
[SourceTitle "EXT 2024"]
[Source "ChessBase"]
[SourceDate "2023.10.10"]
[SourceVersion "1"]
[SourceVersionDate "2023.10.10"]
[SourceQuality "1"]

1. e4 c5 2. d4 cxd4 3. c3 dxc3 4. Nxc3 e6 5. Nf3 Nc6 6. Bc4 Be7 7. Qe2 d6 8. 0-0 Nf6 9. Rd1 Bd7 10. Nb5 0-0 11. Nxd6 a6 12. e5 Ne8 13. Bf4 Nxd6 14. exd6 Bf6 15. Rac1 e5 16. Be3 Re8 17. Bd5 Nd4 18. Qd3 Nxf3+ 19. Bxf3 Bb5 20. Qb3 Rc8 21. a4 Rxc1 22. Bxc1 Bc6 23. Bxc6 bxc6 24. Qb7 Qa8 25. d7 Rd8 26. Qc7 h6 27. Be3 Kh7 28. Bb6 Kg8 29. Rd6 Be7 30. Rxc6 Kh7 31. h3 Qb8 32. Qxb8 Rxb8 33. a5 Bd8 34. Rc8 1-0

[Event "Sant Adria de Besos op-B 5th"]
[Site "Sant Adria de Besos"]
[Date "2023.08.12"]
[Round "2"]
[White "Costa Trave, Jaume"]
[Black "Sanchez Coves, Juan Josep"]
[Result "1-0"]
[WhiteElo "1649"]
[BlackElo "1410"]
[PlyCount "63"]
[EventDate "2023.08.11"]
[EventType "swiss"]
[EventRounds "9"]
[EventCountry "ESP"]
[SourceTitle "EXT 2024"]
[Source "ChessBase"]
[SourceDate "2023.10.10"]
[SourceVersion "1"]
[SourceVersionDate "2023.10.10"]
[SourceQuality "1"]

1. e4 d5 2. e5 Bf5 3. d4 c5 4. c3 e6 5. a3 Nc6 6. Nf3 cxd4 7. cxd4 Qb6 8. b4 Nh6 9. h3 Be7 10. Be2 Ng8 11. 0-0 f6 12. Be3 h5 13. Nbd2 g5 14. Nb3 Qd8 15. Nh2 fxe5 16. Bxh5+ Kf8 17. Bg4 Nh6 18. dxe5 Nxe5 19. Nc5 Bxc5 20. Bxc5+ Ke8 21. Bh5+ Nhf7 22. f4 Nd3 23. Bd4 Rg8 24. Ng4 Bxg4 25. Qxg4 Ke7 26. f5 e5 27. f6+ Kf8 28. Qe6 Qc7 29. Rac1 Nxc1 30. Bc5+ Qxc5+ 31. bxc5 Ne2+ 32. Kh2 1-0

[Event "Barcelona Sant Marti op-B 23rd"]
[Site "Barcelona"]
[Date "2023.07.14"]
[Round "2"]
[White "Costa Trave, Jaume"]
[Black "Garcia Ruiz, Adrian"]
[Result "0-1"]
[WhiteElo "1621"]
[BlackElo "1780"]
[PlyCount "188"]
[EventDate "2023.07.13"]
[EventType "swiss"]
[EventRounds "9"]
[EventCountry "ESP"]
[SourceTitle "CBM 215 Extra"]
[Source "ChessBase"]
[SourceDate "2023.09.30"]
[SourceVersion "1"]
[SourceVersionDate "2023.09.30"]
[SourceQuality "1"]

1. e4 g6 2. d4 Bg7 3. c3 d6 4. Bd3 c5 5. Ne2 cxd4 6. cxd4 Nf6 7. 0-0 0-0 8. Nbc3 e5 9. d5 Nbd7 10. h3 Nc5 11. Bc2 b6 12. b4 Ncd7 13. Be3 Ba6 14. b5 Bb7 15. a4 Rc8 16. Na2 Nc5 17. f3 a5 18. Nac1 Nfd7 19. Nd3 f5 20. Nxc5 Nxc5 21. Qd2 f4 22. Bf2 g5 23. Nc1 h5 24. Nd3 Nxd3 25. Bxd3 Qd7 26. Bxb6 g4 27. hxg4 hxg4 28. fxg4 Qxg4 29. Be2 Qh4 30. Bf3 Kf7 31. Bxa5 Rh8 32. Rfd1 Bf6 33. Kf1 Qg3 34. Ke2 Bh4 35. Rf1 Rc4 36. Ra3 Rxe4+ 37. Bxe4 Qxa3 38. Bc2 Rg8 39. Be4 Qxa4 40. Qb4 Qa2+ 41. Qd2 Qc4+ 42. Qd3 Qa4 43. Bd2 Rg3 44. Bf3 Bf6 45. Rc1 Rg7 46. Rc4 Qa2 47. Qc2 Qxc2 48. Rxc2 Bd8 49. Kd3 Kf6 50. Bb4 Ke7 51. Ke4 Bb6 52. Rc1 Rh7 53. Ra1 Rh8 54. Bg4 Rh4 55. Bf3 Bd4 56. Rc1 Bb6 57. Kf5 Rh8 58. Kg6 Rg8+ 59. Kh7 Ra8 60. Rh1 Ra4 61. Be1 e4 62. Bg4 Bxd5 63. Rh6 Ra7 64. Bh4+ Kf8+ 65. Kg6 Bd4 66. Bf6 Bxf6 67. Kxf6 Rf7+ 68. Kg5 Ke7 69. Bh5 Rf8 70. Rh7+ Ke6 71. b6 f3 72. gxf3 exf3 73. b7 f2 74. Be2 Bg2 75. Rc7 Rb8 76. Rc1 Rxb7 77. Kf4 Rf7+ 78. Ke3 f1Q 79. Bxf1 Bxf1 80. Re1 d5 81. Ra1 Ke5 82. Ra8 d4+ 83. Kd2 Bc4 84. Re8+ Be6 85. Rd8 Ke4 86. Re8 Rf6 87. Re7 Rh6 88. Ke2 Rh2+ 89. Ke1 Kd5 90. Kd1 d3 91. Rg7 Kd4 92. Rg1 Kc3 93. Ke1 Rc2 94. Rg6 d2+ 0-1

[Event "El Prat de Llobregat op 4th"]
[Site "El Prat de Llobregat"]
[Date "2023.03.17"]
[Round "7"]
[White "Canellas Magide, Lluis"]
[Black "Costa Trave, Jaume"]
[Result "1-0"]
[WhiteElo "1958"]
[BlackElo "1645"]
[PlyCount "33"]
[EventDate "2023.02.03"]
[EventType "swiss"]
[EventRounds "9"]
[EventCountry "ESP"]
[SourceTitle "EXT 2024"]
[Source "ChessBase"]
[SourceDate "2023.10.10"]
[SourceVersion "1"]
[SourceVersionDate "2023.10.10"]
[SourceQuality "1"]

1. e4 d5 2. Nc3 d4 3. Nce2 e5 4. Ng3 Bd6 5. Bc4 a6 6. a4 Nd7 7. Nf3 h6 8. d3 Nb6 9. Bb3 Qe7 10. a5 Nd7 11. 0-0 Nc5 12. Bc4 Be6 13. Bxe6 fxe6 14. c3 0-0-0 15. cxd4 exd4 16. e5 g5 17. exd6 1-0

[Event "Barcelona Sant Marti op 10th"]
[Site "Barcelona"]
[Date "2023.02.09"]
[Round "5"]
[White "Costa Trave, Jaume"]
[Black "Vazquez Sanchez, Juan Antonio"]
[Result "1-0"]
[WhiteElo "1633"]
[BlackElo "1261"]
[PlyCount "47"]
[EventDate "2023.01.12"]
[EventType "swiss"]
[EventRounds "9"]
[EventCountry "ESP"]
[SourceTitle "CBM 213 Extra"]
[Source "ChessBase"]
[SourceDate "2023.05.31"]
[SourceVersion "1"]
[SourceVersionDate "2023.05.31"]
[SourceQuality "1"]

1. e4 c5 2. d4 cxd4 3. c3 dxc3 4. Nxc3 Nc6 5. Nf3 e6 6. Bc4 a6 7. 0-0 Qc7 8. Qe2 Nge7 9. Be3 Ng6 10. Rac1 Be7 11. Bb3 b5 12. Rfd1 Qb7 13. Nd4 0-0 14. f4 e5 15. Nxc6 dxc6 16. f5 Nf4 17. Qg4 g6 18. Bxf4 exf4 19. Qxf4 Qb6+ 20. Kh1 Kg7 21. Rf1 Bb7 22. f6+ Bxf6 23. Qxf6+ Kg8 24. Nd5 1-0

[Event "Barcelona Sant Marti op 10th"]
[Site "Barcelona"]
[Date "2023.01.12"]
[Round "1"]
[White "Costa Trave, Jaume"]
[Black "Perez Pastora, Evaristo"]
[Result "0-1"]
[WhiteElo "1633"]
[BlackElo "2121"]
[PlyCount "62"]
[EventDate "2023.01.12"]
[EventType "swiss"]
[EventRounds "9"]
[EventCountry "ESP"]
[SourceTitle "CBM 213 Extra"]
[Source "ChessBase"]
[SourceDate "2023.05.31"]
[SourceVersion "1"]
[SourceVersionDate "2023.05.31"]
[SourceQuality "1"]

1. e4 c5 2. d4 cxd4 3. c3 Nf6 4. e5 Nd5 5. Qxd4 e6 6. f4 Nc6 7. Qd3 d6 8. Nf3 Qc7 9. Qe4 Bd7 10. Bc4 Nb6 11. Bb3 Na5 12. Nd4 Nac4 13. exd6 Bxd6 14. 0-0 0-0 15. Nd2 e5 16. Nxc4 Nxc4 17. Nf3 Bc5+ 18. Kh1 Nd6 19. Qxe5 Rae8 20. Qh5 g6 21. Qd5 Ne4 22. Nd4 Bc6 23. Qc4 Qe7 24. Bc2 Bxd4 25. Qxd4 Qh4 26. Kg1 Nf6 27. f5 Re2 28. Rf2 Re1+ 29. Rf1 Rxf1+ 30. Kxf1 Qxh2 31. Qg1 Bb5+ 0-1

[Event "Barcelona Segura Memorial 2nd"]
[Site "Barcelona"]
[Date "2022.11.23"]
[Round "8"]
[White "Rodriguez Isern, Bernat"]
[Black "Costa Trave, Jaume"]
[Result "0-1"]
[WhiteElo "1854"]
[BlackElo "1720"]
[PlyCount "106"]
[EventDate "2022.09.28"]
[EventType "swiss"]
[EventRounds "9"]
[EventCountry "ESP"]
[SourceTitle "EXT 2024"]
[Source "ChessBase"]
[SourceDate "2023.10.10"]
[SourceVersion "1"]
[SourceVersionDate "2023.10.10"]
[SourceQuality "1"]

1. e4 e6 2. d4 d5 3. Nd2 c5 4. exd5 Qxd5 5. Ngf3 cxd4 6. Bc4 Qd6 7. 0-0 Nc6 8. Nb3 e5 9. Re1 Be7 10. c3 dxc3 11. Qe2 cxb2 12. Bxb2 f6 13. Red1 Qc7 14. Rac1 Nh6 15. Nh4 Bg4 16. f3 Bh5 17. Be6 Bf7 18. Bd7+ Kf8 19. Nc5 Rd8 20. Ne6+ Bxe6 21. Bxe6 Rxd1+ 22. Rxd1 g6 23. Kh1 Kg7 24. Rd7 Qb6 25. Ba3 Re8 26. Bb3 Kf8 27. Qd2 g5 28. Qd3 Qf2 29. h3 Qe1+ 30. Kh2 Qxh4 31. g3 Qh5 32. Bxe7+ Nxe7 33. Qd6 Qg6 34. Rxb7 Nhf5 35. Qc5 Nd4 36. Ba4 Nxf3+ 37. Kg2 Qe4 38. Bc6 Qxc6 39. Qxc6 Nxc6 40. Kxf3 Re7 41. Rb2 Kf7 42. Ke4 Ke6 43. g4 h5 44. Rb3 hxg4 45. hxg4 Rd7 46. Rb5 Rd4+ 47. Kf3 Ra4 48. Rb2 Nd4+ 49. Ke3 f5 50. gxf5+ Nxf5+ 51. Kf3 g4+ 52. Ke2 Kd5 53. Rd2+ Ke4 0-1

[Event "Llinars del Valles op"]
[Site "Llinars del Valles"]
[Date "2022.07.01"]
[Round "7"]
[White "Costa Trave, Jaume"]
[Black "Garre Montes, Marc"]
[Result "1/2-1/2"]
[WhiteElo "1821"]
[BlackElo "1965"]
[PlyCount "183"]
[EventDate "2022.06.25"]
[EventType "swiss"]
[EventRounds "9"]
[EventCountry "ESP"]
[SourceTitle "CBM 209 Extra"]
[Source "ChessBase"]
[SourceDate "2022.09.30"]
[SourceVersion "1"]
[SourceVersionDate "2022.09.30"]
[SourceQuality "1"]

1. f4 d5 2. Nf3 Nf6 3. e3 e6 4. d4 c5 5. c3 Nc6 6. Bd3 Bd6 7. 0-0 0-0 8. Ng5 h6 9. Nh3 Ne4 10. Bxe4 dxe4 11. Nd2 f5 12. Nc4 Be7 13. Ne5 Nxe5 14. fxe5 Bd7 15. Qb3 Qb6 16. Nf4 Qxb3 17. axb3 Kh7 18. Bd2 g5 19. Ne2 cxd4 20. exd4 f4 21. c4 Bc6 22. b4 a6 23. Bc3 Rad8 24. b3 Kg6 25. Rae1 e3 26. Nc1 Be4 27. h3 Rf5 28. Re2 a5 29. bxa5 Ba3 30. Ra2 Bxc1 31. Rxc1 f3 32. gxf3 Rxf3 33. Kh2 Rdf8 34. Be1 Rf1 35. Rg2 Bxg2 36. Kxg2 e2 37. d5 R1f5 38. a6 bxa6 39. d6 Rxe5 40. c5 Rd5 41. Rc2 Rc8 42. b4 a5 43. Rxe2 axb4 44. Bxb4 e5 45. Rc2 Rc6 46. Kf3 Kf5 47. Ke3 Ke6 48. Rd2 Rxd2 49. Kxd2 h5 50. Ke3 Rc8 51. Ke4 Ra8 52. Kd3 Kd5 53. Kc3 g4 54. hxg4 hxg4 55. Kd3 g3 56. Ke3 g2 57. Kf2 Rg8 58. Kg1 Kc6 59. Bc3 e4 60. Bd4 Rg5 61. Be3 Rg4 62. Bf2 Rg6 63. Be3 Rg8 64. Bf2 Ra8 65. Kxg2 Ra2 66. Kf1 Rc2 67. Ke1 Rb2 68. Bd4 Ra2 69. Be3 Ra7 70. Kf2 Ra3 71. Bd4 Kd5 72. Be3 Ra2+ 73. Kg3 Ra8 74. Kf4 Rf8+ 75. Kg5 Rf7 76. Kg4 Kc6 77. Bg1 Rf1 78. Be3 Rf7 79. Bd4 Kd5 80. Be3 Kc6 81. Bd4 Rf1 82. Be3 Rf3 83. Bg1 Kd7 84. Bd4 Rd3 85. Bg1 Rd1 86. Be3 Re1 87. Kf4 Rh1 88. Kxe4 Rh5 89. Kd4 Kc6 90. Ke4 Kd7 91. Kf4 Rd5 92. Ke4 1/2-1/2

[Event "Hospitalet de Llobregat Ponce 11th"]
[Site "Hospitalet de Llobregat"]
[Date "2022.06.04"]
[Round "7"]
[White "Lopez Baena, David"]
[Black "Costa Trave, Jaume"]
[Result "1-0"]
[WhiteElo "1906"]
[BlackElo "1700"]
[PlyCount "28"]
[EventDate "2022.04.23"]
[EventType "swiss"]
[EventRounds "9"]
[EventCountry "ESP"]
[SourceTitle "EXT 2023"]
[Source "ChessBase"]
[SourceDate "2022.10.05"]
[SourceVersion "1"]
[SourceVersionDate "2022.10.05"]
[SourceQuality "1"]

1. Nf3 d5 2. g3 c6 3. Bg2 Nd7 4. d4 e6 5. 0-0 Bd6 6. c4 Ngf6 7. Nc3 dxc4 8. Nd2 Nb6 9. Na4 a5 10. Nxb6 Qxb6 11. Nxc4 Qd8 12. f4 Nd5 13. Bd2 f5 14. Ne3 0-0 1-0

[Event "Vic Primavera op 1st"]
[Site "Vic"]
[Date "2022.05.06"]
[Round "3"]
[White "Costa Trave, Jaume"]
[Black "Urena Casacuberta, Lluis"]
[Result "1-0"]
[WhiteElo "1700"]
[BlackElo "1901"]
[PlyCount "110"]
[EventDate "2022.04.22"]
[EventType "swiss"]
[EventRounds "8"]
[EventCountry "ESP"]
[SourceTitle "EXT 2023"]
[Source "ChessBase"]
[SourceDate "2022.10.05"]
[SourceVersion "1"]
[SourceVersionDate "2022.10.05"]
[SourceQuality "1"]

1. f4 Nf6 2. Nf3 c5 3. e3 g6 4. d4 cxd4 5. exd4 Bg7 6. c3 0-0 7. Bd3 d6 8. 0-0 Nc6 9. Bc4 Qc7 10. Bb3 Bf5 11. Na3 Na5 12. Ba4 a6 13. Qe2 b5 14. Bc2 Bxc2 15. Nxc2 e6 16. Ng5 Qc4 17. Qf3 h6 18. Ne4 Nxe4 19. Qxe4 d5 20. Qf3 b4 21. Nxb4 Bxd4+ 22. Kh1 Bg7 23. Nd3 Nc6 24. Bd2 Rad8 25. b3 Qe4 26. Qg3 Qe2 27. Rf2 Qh5 28. Raf1 Bf6 29. Rf3 Qh4 30. Qxh4 Bxh4 31. Rh3 Bf6 32. Rxh6 Kg7 33. Rh3 Ne7 34. Nc5 Rd6 35. g4 Rc8 36. g5 Rxc5 37. gxf6+ Kxf6 38. Be3 Rc8 39. Bd4+ Kf5 40. Rh7 Rf8 41. Bg7 Rc8 42. Be5 Rd7 43. Rxf7+ Ke4 44. Kg2 Rcd8 45. Re1+ Kd3 46. Rh7 Nf5 47. Rh3+ Kd2 48. Kf2 d4 49. Re2+ Kc1 50. cxd4 Nxd4 51. Rc3+ Kd1 52. Rd3+ Kc1 53. Red2 Rh7 54. Rd1+ Kc2 55. R3d2+ Kc3 1-0

[Event "Barcelona Segura Memorial 1st"]
[Site "Barcelona"]
[Date "2021.11.24"]
[Round "9"]
[White "Vallbona Domingo, Joan"]
[Black "Costa Trave, Jaume"]
[Result "1-0"]
[WhiteElo "1923"]
[BlackElo "1710"]
[PlyCount "85"]
[EventDate "2021.09.29"]
[EventType "swiss"]
[EventRounds "9"]
[EventCountry "ESP"]
[SourceTitle "EXT 2023"]
[Source "ChessBase"]
[SourceDate "2022.10.05"]
[SourceVersion "1"]
[SourceVersionDate "2022.10.05"]
[SourceQuality "1"]

1. c4 c5 2. Nc3 Nc6 3. g3 a6 4. Bg2 e6 5. e4 g6 6. Nf3 Bg7 7. 0-0 Rb8 8. a4 Nge7 9. d3 0-0 10. Be3 d6 11. d4 cxd4 12. Nxd4 Nxd4 13. Bxd4 Bxd4 14. Qxd4 Nc6 15. Qd2 Na5 16. Qe2 Qc7 17. Rfd1 Bd7 18. Rac1 b6 19. b4 Nxc4 20. b5 axb5 21. Nxb5 Bxb5 22. axb5 Rbc8 23. Rd4 d5 24. exd5 exd5 25. Bxd5 Qe5 26. Qe4 Qxe4 27. Rxe4 Nd6 28. Rxc8 Rxc8 29. Re7 Rd8 30. Bc6 Kg7 31. Kg2 Kf6 32. Ra7 Ke5 33. Ra4 h5 34. h4 f6 35. f4+ Ke6 36. Rd4 Ke7 37. Rd2 Nf5 38. Re2+ Kf7 39. Be4 Nd6 40. Bc2 Rd7 41. Kf2 Re7 42. Bxg6+ Kf8 43. Bxh5 1-0

[Event "Barcelona Segura Memorial 1st"]
[Site "Barcelona"]
[Date "2021.11.17"]
[Round "8"]
[White "Costa Trave, Jaume"]
[Black "Daguro Dasalla, Armando"]
[Result "1-0"]
[WhiteElo "1710"]
[BlackElo "1903"]
[PlyCount "87"]
[EventDate "2021.09.29"]
[EventType "swiss"]
[EventRounds "9"]
[EventCountry "ESP"]
[SourceTitle "EXT 2023"]
[Source "ChessBase"]
[SourceDate "2022.10.05"]
[SourceVersion "1"]
[SourceVersionDate "2022.10.05"]
[SourceQuality "1"]

1. f4 e5 2. fxe5 d6 3. exd6 Bxd6 4. Nf3 g5 5. c3 g4 6. Qa4+ Nc6 7. Qe4+ Be6 8. Nd4 Nxd4 9. Qxd4 Qh4+ 10. Kd1 Qf6 11. Qxf6 Nxf6 12. d3 Nh5 13. Bg5 Rg8 14. Bh4 f5 15. Nd2 Kd7 16. e4 Rae8 17. Kc2 Nf4 18. Re1 Ng6 19. Bf2 f4 20. d4 h5 21. Bd3 a6 22. a3 Kc8 23. b4 Bd7 24. c4 Be7 25. e5 h4 26. Ne4 Bc6 27. Kc3 g3 28. hxg3 hxg3 29. Bg1 Rh8 30. Rxh8 Rxh8 31. d5 Be8 32. Rf1 Rh1 33. Nf6 Bf7 34. Bd4 Rxf1 35. Bxf1 Nh4 36. Kd2 Nf5 37. Bg1 Bxf6 38. exf6 Nh4 39. Bd4 Kd7 40. Be5 Ng6 41. Bd4 b5 42. cxb5 Bxd5 43. bxa6 Kc6 44. a7 1-0

[Event "Barcelona Ciutat op-B"]
[Site "Barcelona"]
[Date "2021.08.25"]
[Round "8"]
[White "Costa Trave, Jaume"]
[Black "Rodriguez Regull, German"]
[Result "1-0"]
[WhiteElo "1710"]
[BlackElo "1889"]
[PlyCount "189"]
[EventDate "2021.08.18"]
[EventType "swiss"]
[EventRounds "9"]
[EventCountry "ESP"]
[SourceTitle "EXT 2022"]
[Source "ChessBase"]
[SourceDate "2021.10.06"]
[SourceVersion "1"]
[SourceVersionDate "2021.10.06"]
[SourceQuality "1"]

1. f4 Nf6 2. Nf3 c5 3. e3 g6 4. d4 cxd4 5. exd4 Bg7 6. c3 0-0 7. Bd3 e6 8. 0-0 b6 9. Qe1 Bb7 10. Nbd2 d6 11. Ng5 Re8 12. Ndf3 Nbd7 13. Bc4 d5 14. Bd3 h6 15. Nh3 Ne4 16. Ne5 Nf8 17. Nf2 f5 18. Bb5 Re7 19. Nc6 Bxc6 20. Bxc6 Rb8 21. Ba4 b5 22. Bb3 a5 23. Nxe4 fxe4 24. Be3 a4 25. Bd1 Rf7 26. a3 Nd7 27. Bg4 Qe7 28. Qg3 Kh7 29. Qh3 Rb6 30. Be2 Nb8 31. Rf2 Nc6 32. Raf1 Na5 33. g4 Nc4 34. Bc1 Nd6 35. Qg3 Bf6 36. Rg2 Rb8 37. Qh3 Bg7 38. Qg3 Rg8 39. h4 Bf8 40. Qh3 Rfg7 41. Rff2 Qd7 42. h5 gxh5 43. Qxh5 Rg6 44. Rh2 Nf5 45. Rfg2 Nd6 46. Kf1 Ne8 47. f5 exf5 48. gxf5 Rxg2 49. Rxg2 Rxg2 50. Kxg2 Qg7+ 51. Kf2 Nd6 52. Bf4 Nc4 53. Qe8 Nd6 54. Qe6 e3+ 55. Kxe3 Qg1+ 56. Kd2 Ne4+ 57. Kc2 Qg2 58. Qg6+ Qxg6 59. fxg6+ Kxg6 60. Bxb5 h5 61. Bxa4 h4 62. Bc6 Kf5 63. Bh2 Ke6 64. c4 Nf6 65. Kd3 h3 66. cxd5+ Nxd5 67. Ke4 Nf6+ 68. Kf3 Bh6 69. b4 Bc1 70. a4 Bb2 71. Be5 Bc3 72. a5 Nd5 73. a6 Nb6 74. b5 Nc8 75. Ke4 Ba5 76. d5+ Ke7 77. Bh2 Bb6 78. Kf3 Nd6 79. Kg4 Ne4 80. Kxh3 Nd6 81. Kg2 Nc4 82. Bg1 Ne3+ 83. Kf3 Nxd5 84. Bxb6 Nxb6 85. a7 Kd6 86. a8Q Nxa8 87. Bxa8 Kc5 88. Bc6 Kd6 89. Ke4 Kc5 90. Ke5 Kb6 91. Kd6 Ka7 92. Kc5 Kb8 93. b6 Kc8 94. Kb5 Kb8 95. Ka6 1-0

[Event "Barcelona Ciutat op-B"]
[Site "Barcelona"]
[Date "2021.08.24"]
[Round "7"]
[White "Madrid Sole, Antonio"]
[Black "Costa Trave, Jaume"]
[Result "0-1"]
[WhiteElo "1818"]
[BlackElo "1710"]
[PlyCount "45"]
[EventDate "2021.08.18"]
[EventType "swiss"]
[EventRounds "9"]
[EventCountry "ESP"]
[SourceTitle "EXT 2022"]
[Source "ChessBase"]
[SourceDate "2021.10.06"]
[SourceVersion "1"]
[SourceVersionDate "2021.10.06"]
[SourceQuality "1"]

1. d4 e6 2. Nf3 d5 3. Bg5 Be7 4. Bxe7 Nxe7 5. e3 c5 6. c3 c4 7. Nbd2 Qa5 8. e4 b5 9. exd5 Nxd5 10. Ne5 Nd7 11. Ndf3 Qc7 12. Qd2 f6 13. Nxd7 Bxd7 14. Be2 0-0 15. 0-0 a5 16. a3 Bc6 17. Rfe1 Rae8 18. g3 Ne7 19. Nh4 g5 20. Ng2 Ng6 21. Bh5 Qd6 22. Re3 f5 23. Bxg6 0-1

[Event "Barcelona CC Amateurs July"]
[Site "Barcelona"]
[Date "2021.07.12"]
[Round "9"]
[White "Fernandez Egea, Andres"]
[Black "Costa Trave, Jaume"]
[Result "1-0"]
[WhiteElo "1853"]
[BlackElo "1673"]
[PlyCount "51"]
[EventDate "2021.07.06"]
[EventType "tourn"]
[EventRounds "9"]
[EventCountry "ESP"]
[SourceTitle "EXT 2022"]
[Source "ChessBase"]
[SourceDate "2021.10.06"]
[SourceVersion "1"]
[SourceVersionDate "2021.10.06"]
[SourceQuality "1"]

1. e4 e6 2. d4 d5 3. Nd2 c5 4. exd5 Qxd5 5. Ngf3 cxd4 6. Bc4 Qd6 7. 0-0 Nc6 8. Nb3 e5 9. Re1 Bg4 10. Bxf7+ Kxf7 11. Ng5+ Kg6 12. Qxg4 Nf6 13. Qf3 Re8 14. Ne4 Nxe4 15. Rxe4 h5 16. Bd2 Be7 17. Rae1 Qf6 18. Bf4 b6 19. h3 a5 20. Qd1 Kf7 21. c3 Qd6 22. Bg3 a4 23. Nc1 Qc5 24. b4 axb3 25. axb3 Qa5 26. Qf3+ 1-0

[Event "Barcelona CC Amateurs July"]
[Site "Barcelona"]
[Date "2021.07.09"]
[Round "5"]
[White "Costa Trave, Jaume"]
[Black "Febrero Perez, Lluis"]
[Result "1-0"]
[WhiteElo "1673"]
[BlackElo "1376"]
[PlyCount "73"]
[EventDate "2021.07.06"]
[EventType "tourn"]
[EventRounds "9"]
[EventCountry "ESP"]
[SourceTitle "EXT 2022"]
[Source "ChessBase"]
[SourceDate "2021.10.06"]
[SourceVersion "1"]
[SourceVersionDate "2021.10.06"]
[SourceQuality "1"]

1. f4 c5 2. e4 Nc6 3. Nf3 b6 4. c3 Bb7 5. d4 cxd4 6. cxd4 e6 7. Nc3 g6 8. Bd3 Bg7 9. e5 Nge7 10. 0-0 0-0 11. Kh1 d6 12. Ne4 dxe5 13. dxe5 Nf5 14. Qe2 Ncd4 15. Nxd4 Qxd4 16. Ng3 Nh4 17. Be4 Bxe4 18. Nxe4 Rad8 19. Nd6 f6 20. Be3 Qd5 21. Rfd1 Qa5 22. Bd4 fxe5 23. fxe5 Nf5 24. Bc3 Qa4 25. Nxf5 Rxd1+ 26. Rxd1 Rxf5 27. b3 Qc6 28. Bb2 Qc5 29. Bd4 Qa5 30. Qc4 Bxe5 31. Qxe6+ Kg7 32. Qe7+ Kh6 33. Be3+ Bf4 34. Qh4+ Rh5 35. Bxf4+ g5 36. Qg4 gxf4 37. Rd6# 1-0

[Event "Llinars del Valles op 1st"]
[Site "Llinars del Valles"]
[Date "2021.07.02"]
[Round "8"]
[White "Bibilashvili, Lali"]
[Black "Costa Trave, Jaume"]
[Result "1-0"]
[WhiteElo "1869"]
[BlackElo "1709"]
[PlyCount "95"]
[EventDate "2021.06.25"]
[EventType "swiss"]
[EventRounds "9"]
[EventCountry "ESP"]
[SourceTitle "CBM 203 Extra"]
[Source "ChessBase"]
[SourceDate "2021.09.30"]
[SourceVersion "1"]
[SourceVersionDate "2021.09.30"]
[SourceQuality "1"]

1. c4 c6 2. b3 d5 3. Bb2 Bf5 4. Nf3 e6 5. g3 Nf6 6. Bg2 Bd6 7. 0-0 Nbd7 8. d3 e5 9. Nbd2 0-0 10. Re1 d4 11. a3 Rb8 12. b4 c5 13. Nh4 Be6 14. b5 Ne8 15. e4 g6 16. Bc1 Be7 17. Nhf3 Bf6 18. Nb3 Bg7 19. Ng5 Nc7 20. f4 Nb6 21. Nxc5 Bc8 22. Rf1 f6 23. Nf3 Qd6 24. Nb3 Na4 25. Bd2 Bg4 26. Bb4 Qb6 27. Bxf8 Bxf8 28. h3 Nc3 29. Qe1 Be6 30. Nbd2 a6 31. a4 exf4 32. gxf4 Bb4 33. Qh4 Bf7 34. Kh1 Rf8 35. e5 f5 36. Ng5 h5 37. Nxf7 Kxf7 38. Nb3 Be7 39. Qf2 Ne6 40. a5 Qd8 41. Bxb7 axb5 42. cxb5 Nxb5 43. a6 Qb6 44. Bd5 Rd8 45. Bc4 Ra8 46. Qg2 Rxa6 47. Rxa6 Qxa6 48. Nxd4 1-0